| 000 | 01547 a2200241 4500 | ||
|---|---|---|---|
| 001 | 44876 | ||
| 005 | 20260407155723.0 | ||
| 008 | 260407a1993 arg spa d | ||
| 003 | AR-UNSa-BCEJYS | ||
| 040 |
_aAR-UNSa-BCEJYS _bspa _cAR-UNSa-BCEJYS |
||
| 080 |
_a330.43 _xEconometría |
||
| 245 | 1 | 0 | _aEconometría |
| 020 | _a978-84-481-0128-2 | ||
| 250 | _a2a. ed. | ||
| 264 | 1 |
_aMadrid : _bMcGraw-Hill _c1993 |
|
| 300 |
_axvii, 676 p. _c24 cm. |
||
| 505 | _aIntroducción - 1. Análisis matricial - 2. Análisis estadísticos - 3. El modelo lineal general - 4. Inferencia en el modelo lineal - 5. Matrices de covarianzas no escalares - 6. Heteroscedasticidad - 7. Autocorrelación - 8. Ecuaciones simultáneas con variables explicativas exógenas: Parte I: Una sección cruzada de series temporales -- Parte II: Regresiones aparentemente no relacionadas - 9. Modelos dinámicos - 10. Deficiencias muestrales: Multicolinealidad y errores de medidas - 11. Modelos no lineales - 12. Algoritmos numéricos de optimización - 13. Modelos de series temporales - 14. Regresión con variables no estacionarias - 15. Datos de panel - 16. Variables dependientes cualitativas y limitadas - 17. Modelos de ecuaciones simultáneas. I. Especificación e identificación - 18. Modelos de ecuaciones simultáneas. II. Estimación | ||
| 041 | _aspa | ||
| 942 | _cBK | ||
| 590 | _aniveau_biblio:m niveau_hierar:0 | ||
| 100 | 1 | _aNovales Cinca, Alfonso | |
| 856 | 4 | 1 |
_uhttps://www.biblioeco.unsa.edu.ar/pmb/images/libros/L127009.jpg _yImagen de portada _qimage/jpeg |
| 999 |
_c3827 _d3827 |
||